Nociones básicas de metodología de la investigación en ciencias de la salud / (Registro nro. 1683)
[ vista simple ]
| 000 -LEADER | |
|---|---|
| fixed length control field | 00894nam a2200241 a 4500 |
| 008 - CAMPO DE CONTROL (LIBRO) | |
| fixed length control field | 130926s2004 ag ||||| |||| 00| 0 spa d |
| 020 ## - INTERNATIONAL STANDARD BOOK NUMBER | |
| ISBN | 9874380160 |
| 092 ## - SIGNATURA TOPOGRAFICA DEWEY LOCAL | |
| número de clasificación | 001.42 |
| libristica | 57 |
| sección | NOC |
| 245 ## - TITULO PROPIAMENTE DICHO | |
| Título | Nociones básicas de metodología de la investigación en ciencias de la salud / |
| Mención de responsabilidad y remanente de la transcripción de la portada | Juan Ángel Basualdo |
| 250 ## - MENCION DE EDICION | |
| Mención de edición | 1a ed. |
| 260 ## - PIE DE IMPRENTA | |
| Lugar de publicación, distribución, etc | La Plata (Buenos Aires): |
| Nombre del impresor | Gráfica Alemana; |
| Fecha de impresión | 2004. |
| 300 ## - DESCRIPCION FISICA | |
| Extension | 92 p. |
| 500 ## - NOTA GENERAL | |
| Nota general | Basualdo, J. A. et al. (2004). Nociones básicas de metodología de la investigación en ciencias de la salud. (1a ed.). Buenos Aires : Gráfica Alemana. |
| 653 ## - TÉRMINO INDIZADO - PALABRAS CLAVES | |
| Palabra clave | Metodologia |
| 653 ## - TÉRMINO INDIZADO - PALABRAS CLAVES | |
| Palabra clave | Investigacion |
| 653 ## - TÉRMINO INDIZADO - PALABRAS CLAVES | |
| Palabra clave | Revision bibliografica |
| 653 ## - TÉRMINO INDIZADO - PALABRAS CLAVES | |
| Palabra clave | Salud comunitaria |
| 700 ## - ENTRADAS SECUNDARIAS - NOMBRE PERSONAL | |
| Nombre personal | Basualdo, Juan Ángel |
| 9 (RLIN) | 2613 |
| 700 ## - ENTRADAS SECUNDARIAS - NOMBRE PERSONAL | |
| Nombre personal | Grenovero, Maria Silvia |
| 9 (RLIN) | 2614 |
| 700 ## - ENTRADAS SECUNDARIAS - NOMBRE PERSONAL | |
| Nombre personal | Minvielle, Maria Cecilia |
| 9 (RLIN) | 2615 |
| 700 ## - ENTRADAS SECUNDARIAS - NOMBRE PERSONAL | |
| Nombre personal | Barengo, Noel |
| 9 (RLIN) | 2616 |
| 942 ## - ADDED ENTRY ELEMENTS (KOHA) | |
| Source of classification or shelving scheme | Dewey Decimal Classification |
| Item type | Libros |
| Estado de retiro | Existencia | Fuente de clasificación | Estado general | No para prestamo | Colección | Ubicación permanente | ubicación actual | Sala de ubicación | Fecha de adquisición | Fuente de adquisición | Total Checkouts | Número de clasificación | Código de barras | Date last seen | Número de ejemplar | Price effective from | Koha tipo de elemento (item) | Public note |
|---|---|---|---|---|---|---|---|---|---|---|---|---|---|---|---|---|---|---|
| Dewey Decimal Classification | Non-fiction | Biblioteca Medicina | Biblioteca Medicina | Circulación | 26/09/2013 | Donacion Emilce D`anna | 001.42 57 NOC | 3153 | 06/11/2014 | Ej. 1 | 26/09/2013 | Libros | Donacion Med. Emilce D'anna |